000
00358nam a2200145Ia 4500
008
230718s9999 xx 000 0 und d
041
_a
Eng.
082
_a
31
_b
اتف-ل
100
_a
اتفاقی ، محمد
245
0
_a
لو ہائے بار
260
_a
Pakistan
_b
سنگ میل پل کشیپر
_c
2002
300
_a
200
650
_a
Law
999
_c
28823
_d
28823